000 00797 a2200253 4500
999 _c32047
_d32047
003 OSt
005 20260210125858.0
008 260210b ||||| |||| 00| 0 eng d
020 _a978-93-615-9612-4
040 _c.
082 _a658.4012
_bB1996
100 _96571
_aBamford,Charles E.
245 _aStrategic Management and Business Policy: Globalization, Innovation and Sustainability /
_cCharles E. Bamford et al.
250 _a16th ed.
260 _bPearson India Education Services pvt ltd,
_aNoida :
_c2025.
300 _a412+I12 p.
650 0 _92264
_aStrategic Management
650 0 _96576
_aBusiness Policy
700 _96572
_aHoffman, Alan N.
700 _96573
_aWheelen, Thomas L.
700 _96574
_aHunger, J. David
700 _96575
_aKansal, Purva
942 _2ddc
_cBK